| 000 | 01434nam0a2200373 i 4500 | ||
|---|---|---|---|
| 001 | RU\NLR\BIBL_A\010785585 | ||
| 005 | 20260406072004.0 | ||
| 010 |
_a9785906791009 _94000 |
||
| 021 |
_aRU _b2015-36175 _92145 |
||
| 035 | _a(NILC)RuMoRGB-007930915 | ||
| 035 | _a(NLR Aleph) 010785585 | ||
| 090 |
_a10089516 _c10089516 |
||
| 100 | _a20150619d2015 um y0rusy50 ca | ||
| 101 | 1 |
_arus _cfre |
|
| 102 | _aRU | ||
| 105 | _ay|||z|||000zy | ||
| 200 | 1 |
_aСлушай свое тело - и ешь! _eпять травм, эмоции и вес _fЛиз Бурбо _g[пер. с фр. Н. Белоусовой] |
|
| 210 |
_aМосква _cСофия _d2015 |
||
| 215 |
_a220, [2] с. _d21 |
||
| 300 | _aНа доп. тит. л. загл. и авт. также на фр. яз.: Écoute et mange / Lise Bourbeau | ||
| 320 | _aДр. кн. авт. в конце кн. | ||
| 517 | 1 |
_6z20790 _aÉcoute et mange |
|
| 606 |
_aВес тела _xВлияние питания _91261650 _3RU\NLR\AUTH\66200540 |
||
| 610 | 0 | _aметоды снижения веса | |
| 686 | 1 | _aР123.0 | |
| 686 | 1 | _aР357.1 | |
| 700 | 1 |
_8rus _7ca _aБурбо _bЛ. _f1941- _gЛиз _3RU\NLR\AUTH\7729312 _912341 |
|
| 790 | 1 |
_8fre _7ba _aBourbeau _bL. _f1941- _gLise _3RU\NLR\AUTH\7729314 _912343 |
|
| 801 | 0 |
_aRU _bРГБ _c20150514 _gRCR |
|
| 801 | 1 |
_aRU _bРГБ _c20150514 _2rusmarc |
|
| 942 | _cBOOK | ||
| 980 | _aNBR | ||